Das römische Weltreich /

محفوظ في:

المؤلف الرئيسي: Kraus, Theodor, 1919-

مؤلفون آخرون: Andreae, Bernard.

التنسيق: كتاب

اللغة: German

منشور في: Berlin : Propyläen Verlag, 1967.

سلاسل: Propyläen Kunstgeschichte ; 2.

الموضوعات:

الوسوم: إضافة وسم

لا توجد وسوم, كن أول من يضع وسما على هذه التسجيلة!

رقم الطلب: N5760 .K7

LEADER 00848nam a22002537a 4500
003 OSt
005 20260201084706.0
008 010226t1967 gw g b 000 0 ger d
040 |c ARCE Library 
043 |a e-it--- 
050 1 4 |a N5760  |b .K7 
100 1 |a Kraus, Theodor,  |d 1919- 
245 1 4 |a Das römische Weltreich /  |c Mit Beiträgen von Bernard Andreae [u.a.] ([Mit] 517 Abbildungen auf 448 Tafelseiten, davon 34 farbig, und 46 Zeichnungen im Text.) 
260 |a Berlin :  |b Propyläen Verlag,  |c 1967. 
300 |a 335 pages ;  |c 28 cm. 
490 1 |a Propyläen Kunstgeschichte ;   |v 2. 
504 |a Includes bibliographical references. 
650 0 |a Art  |z Italy  |z Rome. 
650 0 |a Architecture  |z Italy  |z Rome. 
700 1 |a Andreae, Bernard. 
830 0 |a Propyläen Kunstgeschichte ;   |v 2. 
901 |a reviewed 
942 |2 lcc  |c BK 
999 |c 31190  |d 31190